000 01099nam a2200277 i 4500
001 106792
003 ES-MaACL
005 20231005171238.0
007 t|
008 061226s1972 sp ||||1| spa d
080 _a75 Moraña, José Manuel (083.82)
100 1 _aMoraña, José Manuel.
_983145
245 1 0 _aMoraña
_b: [exposición, Ateneo de Madrid, Sala de Exposiciones, Santa Catalina 10, enero 1972] /
_c[texto: José Luis Fernández del Amo].
260 _aMadrid :
_bPublicaciones Españolas,
_c1972.
300 _a[26] p. :
_bil. ;
_c21 x 21 cm.
490 1 _aSerie V, Sala Santa Catalina ;
_v13
600 1 4 _aMoraña, José Manuel-
_vExposiciones.
_983146
610 2 7 _aAteneo de Madrid-
_vExposiciones-
_y1970-1979.
_91921
655 7 _2tgfbne
_9193628
_aCatálogos de exposiciones
700 1 _aFernández del Amo, José Luis.
_949726
710 2 _aAteneo de Madrid.
_bSala de Santa Catalina.
_91964
830 0 _aSerie V, Sala Santa Catalina ;
_v13
_9185299
852 _aES-MaACL
_j2211-F-35
_9110847
_bR.138373
_cDEPOF
942 _2udc
_cFOLLETOS
999 _c106792
_d106792